El barco en la botella : (Registro nro. 12966)
[ vista simple ]
| 000 -LIDER | |
|---|---|
| fixed length control field | 00970nam a22002657a 4500 |
| 003 - IDENTIFICACDOR DE NÚMERO DE CONTROL | |
| control field | DO-SdBNP |
| 005 - DATE AND TIME OF LATEST TRANSACTION | |
| control field | 20240725120308.0 |
| 008 - ELEMENTOS DE LONGITUD FIJA | |
| fixed length control field | 171120b1997 sp |||| 00| 0 spa d |
| 020 ## - ISBN | |
| International Standard Book Number | 1563280868 |
| 040 ## - FUENTE DE CATALOGACIÓN | |
| Agencia que crea de manera original el registro | BPMSU |
| Idioma de catalogación | spa |
| Agencia que realiza la transcripción | BPMSU |
| 082 #4 - NÚMERO DE CLASIFICACIÓN DECIMAL DE DEWEY | |
| Classification number | PR863. 4 |
| Item number | L864b 1997 |
| Edition number | 22 |
| 100 1# - ASIENTO PRINCIPAL -- NOMBRE PERSONAL | |
| Nombre personal | López-Baralt, Mercedes |
| 245 10 - MENCIÓN DE TITULO | |
| Título | El barco en la botella : |
| Subtítulo | la poesía de Luis Palés Matos / |
| Mención de responsabilidad | Mercedes López-Baralt. |
| 260 ## - PUBLICACIÓN, DISTRIBUCIÓN, ETC. (PIE DE IMPRENTA) | |
| Lugar de publicación, distribución, etc | San Juan, Puerto Rico : |
| Nombre del editor, distribuidor, etc. | Plaza Mayor, |
| Fecha de publicación, distribución, etc | 1997. |
| 300 ## - DESCRIPCIÓN FÍSICA | |
| Extensión | 313 p. : |
| Otros detalles físicos | il. ; |
| Dimensiones | 24 cm. |
| 490 0# - MENCIÓN DE SERIES | |
| Mención de serie | Biblioteca de autores de Puerto Rico ; |
| -- | Ensayo |
| 500 ## - NOTA GENERAL | |
| Nota general | Incluye datos de la autora en la solapa de la contracubierta |
| 504 ## - NOTA DE BIBLIOGRAFÍA, ETC. | |
| Bibliography, etc | Bibliografía : p. 293-304 |
| 590 ## - NOTA LOCAL | |
| Texto de la nota local | Inventariado, 2024/VM |
| 600 14 - ENCABEZAMIENTO DE MATERIA--NOMBRE PERSONAL | |
| Nombre personal | Matos, Luis Palés |
| Fechas asociadas con el nombre | 1898-1959 |
| Subdivisión temática general | Crítica e interpretación |
| 650 #4 - ENCABEZAMIENTO DE MATERIA--TEMÁTICO | |
| Término temático o nombre geográfico como elemento de entrada | Poesía puertorriqueño |
| 830 ## - ASIENTO SECUNDARIO DE SERIE--TÍTULO UNIFORME | |
| Título uniforme | Biblioteca de autores de Puerto Rico |
| 910 ## - VALIDACIÓN | |
| Validación | VMateo V. Control de calidad. BPMSU |
| 942 ## - ADDED ENTRY ELEMENTS (KOHA) | |
| Source of classification or shelving scheme | Dewey Decimal Classification |
| Koha item type | Libros |
| Withdrawn status | Lost status | Source of classification or shelving scheme | Damaged status | Not for loan | Collection code | Home library | Current library | Date acquired | Source of acquisition | Total Checkouts | Full call number | Barcode | Date last seen | Price effective from | Koha item type |
|---|---|---|---|---|---|---|---|---|---|---|---|---|---|---|---|
| Dewey Decimal Classification | Colección General | Biblioteca Pública Metropolitana Salomé Ureña | Biblioteca Pública Metropolitana Salomé Ureña | 11/20/2017 | FUNDI | BPMSU CG PR863. 4 L864b 1997 | BPMSU 17110276 | 11/20/2017 | 11/20/2017 | Libros |